000 01017cam a22003137a 4500
003 CHAP
005 20220329133419.0
008 971013s1989 r 00010 d
010 _a6099
011 _a7071
035 _a6294
040 _cCHAP
082 _a632.03
_bD5
245 1 2 _aA dictionary of plant pathology
260 _aCambridge :
_bCambridge University Press,
_c1989
300 _a369 p.
590 _aBATCH-UPD
_b10
_c20130110
_lUCH01
_h0314
590 _aBATCH-UPD
_b10
_c20130110
_lUCH01
_h2328
590 _aBATCH-UPD
_b10
_c20130409
_lUCH01
_h2346
590 _aBATCH-UPD
_b10
_c20130914
_lUCH01
_h1413
590 _aCONVERSION
_b10
_c20130109
_lUCH01
_h1304
650 1 4 _aFitopatología
_xDiccionarios.
_941166
700 0 _aHolliday, Paul.
_955959
901 _aBK
942 _cLIBRO
949 _a632.03 D5
_bBC
_cC
_d-73251
_eC
_fc.2
_h87722
_i6294
_si
949 _a632.03 D5
_bBC
_cC
_d33724000421699
_eC
_h83151
_i6294
_si
_t94.00
949 _a632.03 D5
_bBC
_cC
_d33724000421707
_eC
_fc.3
_h83151
_i6294
_si
_t225.78
999 _c6099
_d6099